Bourdieu desde América Latina: una doble lectura. Una doble lectura /

Gespeichert in:
Bibliographische Detailangaben
1. Verfasser: Zúñiga, Víctor
Format: Text
Schlagworte:
Tags: Tag hinzufügen
Keine Tags, Fügen Sie den ersten Tag hinzu!

MARC

LEADER 00000 a a2200000 04500
001 18783
003
040
100 |a Zúñiga, Víctor  
245 |a Bourdieu desde América Latina:   |b una doble lectura. Una doble lectura /  |c Víctor Zúñiga 
650 |a SOCIOLOGIA  
650 |a SOCIOLOGOS  
650 |a FORMACION PROFESIONAL  
773 |g volumen 4, número 10; páginas 41-53  
999 |c 31116  |d 31116